Culture Générale - Série 205 - Statistiques

Statistiques générales
  • Ce quiz a été pris 311 fois
  • Le résultat moyen est 6 sur 10
Statistiques - réponses
Question Réponse % Correct
Combien d'arrondissements la ville de Paris compte-t-elle ? 20
97%
De quel sculpteur Camille Claudel fut-elle l'élève et l'amante ? Auguste Rodin
82%
Quel motif est représenté sur le drapeau finlandais ? Une croix
80%
Quel canal relie la Garonne à la Méditerranée ? Le canal du Midi
73%
Quelle particule chargée négativement gravite autour du noyau de l'atome ? L'électron
62%
Quel ministère est situé place Vendôme à Paris ? Justice
56%
Dans quel département le "Printemps de Bourges" a-t-il lieu chaque année ? Le Cher
51%
Qui était l'extraterrestre avec lequel Lagaf présentait "Le Bigdil" ? Bill
48%
Qui raconte les histoires des "Mille et Une Nuits" ? Shéhérazade
46%
Sur la couverture de quel album peut-on voir Tintin sur un radeau ? Coke en stock
43%
Aucun quiz correspondant
Distribution des résultats
% des personnes avec chaque résultat
Percentile par nombre de réponses
Votre historique - résultats
Vous n’avez pas pris ce quiz